00439nam a22001457a 4500020001800000082001400018100001800032245005700050260002700107300000800134650001200142942000700154952011500161999001700276 a0-553-37505-9 a158.3 MUL aMuller, Wayne aHow, then, shall we live?: Four simple questions... aUSbBantam Booksc1996 a288 aHealing cBK 00104070aHMIbHMIcGENd2013-11-11eDr. Andreas D'Souzal0o158.3 MULp11002554r2026-01-16w2026-01-16yBK c20535d20535